Filosofický a dějinný smysl geopolitiky 20. a 21. století

Saved in:
Bibliographic Details
Main Author Bednář, Miloslav, 1948- (Author)
Format Book
LanguageCzech
Published Praha : Academia, 2026
EditionVydání první
SeriesSpolečnost (Academia)
Subjects
ISBN978-80-200-3686-5
Physical Description103 stran ; 24 cm

Cover

LEADER 00000nam a2200000 i 4500
001 115607
003 CZ ZlUTB
005 20260506090035.0
007 ta
008 260115s2026 xr e 001 e cze
015 |a cnb003707864 
020 |a 978-80-200-3686-5  |q (brožováno) 
040 |a ABA001  |b cze  |d OLA001  |e rda 
041 0 |a cze  |b cze  |b eng 
045 |a x-y- 
072 7 |a 327  |x Mezinárodní vztahy, světová politika  |2 Konspekt  |9 15 
080 |a 32:911.3  |2 MRF 
080 |a 327.5  |2 MRF 
080 |a 32(091)  |2 MRF 
080 |a 316.334.3  |2 MRF 
080 |a 930.1  |2 MRF 
080 |a (0:82-4)  |2 MRF 
100 1 |a Bednář, Miloslav,  |d 1948-  |7 jn99240000062  |4 aut 
245 1 0 |a Filosofický a dějinný smysl geopolitiky 20. a 21. století /  |c Miloslav Bednář 
250 |a Vydání první 
264 1 |a Praha :  |b Academia,  |c 2026 
300 |a 103 stran ;  |c 24 cm 
336 |a text  |b txt  |2 rdacontent 
337 |a bez média  |b n  |2 rdamedia 
338 |a svazek  |b nc  |2 rdacarrier 
490 1 |a Společnost ;  |v sv. 59 
504 |a Obsahuje bibliografii, bibliografické odkazy a rejstřík 
546 |a České a anglické resumé 
648 7 |a 20.-21. století  |7 ch462155  |2 czenas 
650 0 7 |a geopolitika  |7 ph120543  |y 20.-21. století  |2 czenas 
650 0 7 |a mezinárodní konflikty  |7 ph206871  |y 20.-21. století  |2 czenas 
650 0 7 |a politické dějiny  |7 ph311269  |y 20.-21. století  |2 czenas 
650 0 7 |a sociologie politiky  |7 ph124239  |2 czenas 
650 0 7 |a filozofie dějin  |7 ph120224  |2 czenas 
650 0 9 |a geopolitics  |y 20th-21st centuries  |2 eczenas 
650 0 9 |a international conflicts  |y 20th-21st centuries  |2 eczenas 
650 0 9 |a political history  |y 20th-21st centuries  |2 eczenas 
650 0 9 |a political sociology  |2 eczenas 
650 0 9 |a philosophy of history  |2 eczenas 
655 7 |a eseje  |7 fd132213  |2 czenas 
655 9 |a essays  |2 eczenas 
710 2 |a Academia (nakladatelství)  |7 ko2002101950  |4 pbl 
830 0 |a Společnost (Academia) 
910 |a ZLD002 
942 |2 udc 
952 |0 0  |1 0  |4 0  |6 327BEDNÁŘM  |7 0  |8 BOOK  |9 191034  |a UTBZL  |b UTBZL  |c 005  |d 2026-05-06  |l 0  |o 327/BEDNÁŘ,M.  |p 420010202024  |r 2026-05-06 09:01:38  |v 285.00  |w 2026-05-06  |x N:nákup  |y 01 
952 |0 0  |1 0  |4 0  |6 327BEDNÁŘM  |7 0  |8 BOOK  |9 191035  |a UTBUH  |b UTBUH  |c 028  |d 2026-05-06  |l 0  |o 327/BEDNÁŘ,M.  |p 420010202025  |r 2026-05-12 13:19:10  |v 285.00  |w 2026-05-06  |x N:nákup  |y 01 
992 |a BK  |b SKNEW 
999 |c 115607  |d 115607